Segunda parte de el ingenioso hidalgo Don quijote de la Mancha / (Registro nro. 60323)

Detalles MARC
000 -CABECERA
Longitud fija campo de control 00985cam a2200289 a 4500
003 - • IDENTIFICADOR DELl NÚMERO DE CONTROL
Identificador del número de control CO-BoRNBP
005 - • FECHA Y HORA DE LA ÚLTIMA TRANSACCIÓN
Fecha y hora de la última transacción 20260122194449.0
007 - • CAMPO FIJO DE DESCRIPCIÓN FÍSICA
Campo fijo de descripción física ta
008 - • CÓDIGOS DE INFORMACIÓN DE LONGITUD FIJA
Códigos de información de longitud fija 161005s1958 ag gr 000 f spa
040 ## - FUENTE DE LA CATALOGACIÓN
Centro catalogador de origen CO-BoBN
Lengua de catalogación spa
Centro transcriptor CO-BoBN
082 04 - • NÚMERO DE LA CLASIFICACIÓN DECIMAL DEWEY
Número de clasificación (R) 863.3
Número de edición 23
084 ## - • Clasificación Local Alfanúmerica PNLB
Número de clasificación 0
240 10 - • TÍTULO UNIFORME
Título uniforme <a href="Don Quijote">Don Quijote</a>
245 10 - • TITULO PROPIAMENTE DICHO
Título Segunda parte de el ingenioso hidalgo Don quijote de la Mancha /
Mención de responsabilidad, etc. ilustrado por Carlos Alonso
246 0# - • VARIANTES DE T&Iacute;TULO
Título propio / Título en breve Segvnda parte de el ingenioso hidalgo Don quijote de la Mancha
250 ## - • MENCI&Oacute;N DE EDICI&Oacute;N
Mención de edición 1a. edición
300 ## - • DESCRIPCI&Oacute;N F&Iacute;SICA
Extensión 457 p. :
Otras características físicas il. (algunas col.) ;
Dimensiones 33 cm
336 ## - TIPO DE CONTENIDO
Fuente rdacontent
Término de tipo de contenido texto
Código de tipo de contenido txt
337 ## - TIPO DE MEDIO
Fuente rdamedia
Nombre del tipo de medio sin mediación
Código del tipo de medio n
338 ## - TIPO DE SOPORTE
Fuente rdacarrier
Nombre del tipo de soporte volumen
Código del tipo de soporte nc
500 ## - • NOTA GENERAL
Nota general Incluye exlibris de la Librería Nacional Camacho Roldan, Bogotá
650 14 - • PUNTO DE ACCESO ADICIONAL DE MATERIA - T&Eacute;RMINO DE MATERIA
Término de materia o nombre geográfico como elemento inicial Novela española
Subdivisión cronológica Siglo XVII
Fuente del encabezamiento o término LEMB
650 24 - • PUNTO DE ACCESO ADICIONAL DE MATERIA - T&Eacute;RMINO DE MATERIA
Término de materia o nombre geográfico como elemento inicial Libros de caballerías
Subdivisión geográfica España
Subdivisión cronológica Siglo XVII
Fuente del encabezamiento o término LEMB
700 1# - • PUNTO DE ACCESO ADICIONAL - NOMBRE DE PERSONA
Nombre de persona Alonso, Carlos,
Término indicativo de función ilustrador
942 ## - ENTRADA DE ELEMENTOS AGREGADOS (KOHA)
Fuente de clasificaión o esquema Dewey Decimal Classification
Koha [por defecto] tipo de item LIbro
Existencias
Perdido Fuente de clasificaci&oacute;n o esquema Estado Físico No para pr&eacute;stamo Forma de adquisición Localizaci&oacute;n permanente Localizaci&oacute;n actual Localización en estanterías Fecha adquisici&oacute;n Pr&eacute;stamos totales Signatura completa C&oacute;digo de barras Fecha &uacute;ltima consulta N&uacute;mero de copia Fecha del precio de reemplazo Tipo de item de Koha
  Dewey Decimal Classification     Colección General Biblioteca Pública Puerto Concordia Biblioteca Pública Puerto Concordia General 01/22/2026   863.3 PCON00326 01/22/2026 TOMO 1 01/22/2026 LIbro
  Dewey Decimal Classification     Colección General Biblioteca Pública Puerto Concordia Biblioteca Pública Puerto Concordia General 01/22/2026   863.3 PCON00327 01/22/2026 TOMO 2 01/22/2026 LIbro









Instituto Departamental de Cultura del Meta - Red Departamental de Bibliotecas Públicas del Meta.